| 000 | 00467 a2200193 4500 | ||
|---|---|---|---|
| 003 | OSt | ||
| 005 | 20180116182906.0 | ||
| 008 | 160426b xxu||||| |||| 00| 0 eng d | ||
| 020 | _a613861386138 | ||
| 040 | _c0 | ||
| 082 | _a111 | ||
| 100 | _aD.Strisha. | ||
| 110 | _aICFAI | ||
| 245 |
_aNetscape's Work Culture _cICFAI |
||
| 250 | _aHROB 013 | ||
| 260 |
_aIndia _bICFAI Center for Management Research _c2002 |
||
| 300 | _a28p | ||
| 942 |
_aNBS _cCS _k111 ICF _2ddc |
||
| 999 |
_c347976 _d347976 |
||